[Event "Odysseus Spring C"]
[Site "Soborg"]
[Date "2001.05.??"]
[Round "4"]
[White "Oddershede, Niels"]
[Black "Borregaard, John"]
[Result "0-1"]
[WhiteElo "1555"]
[BlackElo "1520"]
[PlyCount "172"]
[EventDate "2001.05.10"]
[EventType "tourn"]
[EventRounds "5"]
[EventCountry "DEN"]
[SourceTitle "EXT 2023"]
[Source "ChessBase"]
[SourceDate "2022.10.05"]
[SourceVersion "1"]
[SourceVersionDate "2022.10.05"]
[SourceQuality "1"]

1. e4 c5 2. Nf3 Nc6 3. d4 cxd4 4. Nxd4 d6 5. Nc3 a6 6. Be2 Nf6 7. Nb3 e6 8. Bg5 Be7 9. 0-0 0-0 10. f4 Qc7 11. a4 b6 12. Bf3 e5 13. Bxf6 Bxf6 14. Nd5 Qd8 15. f5 Bb7 16. Qe2 Na7 17. Nc3 Qc7 18. Kh1 Rac8 19. Qe3 h6 20. g3 Bg5 21. Qf2 Ba8 22. h4 Be7 23. Rg1 Qd8 24. Kh2 Rc4 25. Kh3 Nc8 26. g4 g5 27. hxg5 Bxg5 28. Rh1 Kg7 29. Kg2 Bc6 30. Qe2 b5 31. axb5 Bxb5 32. Nxb5 axb5 33. Ra6 Qc7 34. c3 b4 35. Ra4 Nb6 36. Rxb4 Rxb4 37. cxb4 Nc4 38. Kh3 Rb8 39. Qc2 Rxb4 40. Be2 Qc6 41. Bd3 Qa4 42. Bxc4 Rxc4 43. Ra1 Rxc2 44. Rxa4 Bf4 45. g5 hxg5 46. Na5 Rxb2 47. Nc4 Rh2+ 48. Kg4 Rh4+ 49. Kf3 g4+ 50. Kg2 Rh2+ 51. Kg1 g3 52. Ra3 Re2 53. Rf3 Rxe4 54. Nxd6 Re1+ 55. Rf1 Rxf1+ 56. Kxf1 Kf6 57. Kg2 Kg5 58. Nxf7+ Kxf5 59. Nd6+ Ke6 60. Ne4 Kd5 61. Kf3 Kd4 62. Nd6 Kd3 63. Ne4 Kc4 64. Nd6+ Kd4 65. Nf5+ Kd3 66. Nd6 Kd2 67. Ne4+ Ke1 68. Kg2 Ke2 69. Nd6 Ke3 70. Nf5+ Kd3 71. Nd6 e4 72. Nb7 e3 73. Nc5+ Ke2 74. Ne4 Be5 75. Nc5 Kd1 76. Nd3 e2 77. Kf3 e1Q 78. Nxe1 Kxe1 79. Kg2 Bc7 80. Kg1 Ke2 81. Kg2 Bd6 82. Kh1 Kf3 83. Kg1 Bc5+ 84. Kh1 g2+ 85. Kh2 g1Q+ 86. Kh3 Qg3# 0-1